Statistiques concernant Villes de Chine (avec de l'aide)

Cliquez ici pour prendre le quiz!

Statistiques générales

  • Ce quiz a été pris 164 fois
  • Le résultat moyen est 45 sur 100

Statistiques - réponses

pop
million
ville% Correct
21,10Pé{kin}
96%
30,90Shang{hai}
92%
1,55Zhu{hai}
92%
2,68Chang{zhou}
85%
3,93Fu{zhou}
85%
47,70Guang{zhou}
85%
8,30Hang{zhou}
85%
2,80Hui{zhou}
85%
1,04Jin{zhou}
85%
2,85Lan{zhou}
85%
1,92Liu{zhou}
85%
2,08Tai{zhou}
85%
1,02Wan{zhou}
85%
5,90Wen{zhou}
85%
2,55Xu{zhou}
85%
1,78Yang{zhou}
85%
4,68Zheng{zhou}
85%
1,09Zhu{zhou}
85%
1,03Bao{ji}
84%
11,40Tian{jin}
82%
7,25Hong {Kong}
81%
1,88Huai'{an}
81%
1,23Tai'{an}
81%
6,65Xi{'an}
81%
8,00Wu{han}
79%
3,63Ürüm{qi}
73%
10,00Xia{men}
73%
9,60Cheng{du}
66%
7,05Chong{qing}
62%
1,56Da{qing}
62%
1,08Ben{xi}
59%
2,10Ci{xi}
59%
3,28Wu{xi}
59%
5,15Har{bin}
53%
1,76Huai{nan}
53%
3,95Ji{nan}
53%
4,45Chang{sha}
50%
2,88Gui{yang}
47%
1,71Hang{yang}
47%
1,96Luo{yang}
47%
1,17Mian{yang}
47%
1,02Nan{yang}
47%
7,65Shen{yang}
47%
1,56Xiang{yang}
47%
6,85Nan{jing}
46%
5,70Qing{dao}
43%
1,11Qinhuang{dao}
43%
3,95Kun{ming}
42%
1,09Mao{ming}
42%
4,50Da{lian}
40%
1,20Gui{lin}
37%
1,51Ji{lin}
37%
2,15Bao{tou}
35%
7,95Shan{tou}
35%
2,50An{shan}
34%
4,55He{fei}
34%
1,13Ma'an{shan}
34%
3,68Nan{chang}
34%
2,45Tang{shan}
34%
1,15Yi{chang}
34%
3,20Nan{ning}
30%
1,31Wu{hu}
30%
1,33Xi{ning}
30%
1,72Lin{yi}
29%
3,35Ning{bo}
29%
3,33Zi{bo}
29%
1,13Zun{yi}
29%
3,70Chang{chun}
26%
1,15Qing{yuan}
22%
3,85Shijia{zhuang}
22%
4,20Tai{yuan}
22%
1,12Chang{shu}
19%
1,32Huai{bei}
19%
1,34Xiang{tan}
19%
1,31Xing{tai}
19%
2,10Yan{tai}
19%
1,52Da{tong}
18%
1,36Han{dan}
18%
2,68Jiang{yin}
18%
1,95Nan{tong}
18%
1,57Yi{wu}
18%
1,06Qiqi{har}
17%
1,25Yan{cheng}
16%
1,16Zhan{jiang}
16%
1,06Zhen{jiang}
16%
1,78Hoh{hot}
15%
1,04Nan{chong}
15%
1,61Bao{ding}
14%
1,80Hai{kou}
14%
1,60Wei{fang}
14%
1,19Zhangjia{kou}
14%
1,08Lianyun{gang}
13%
1,03Chi{feng}
12%
1,05Kai{feng}
12%
1,36Pu{tian}
12%
1,30Xin{xiang}
12%
1,16Beng{bu}
9%
1,53Yin{chuan}
9%
1,37Jiao{zuo}
7%
1,06Ri{zhao}
4%

Distribution des résultats

Percentile par nombre de réponses

% des personnes avec chaque résultat

Votre développement - résultats

Vous n’avez pas pris ce quiz